| 000 | 01376nam0a2200349 4500 | ||
|---|---|---|---|
| 001 | RU\NLR\bibl\1378680 | ||
| 005 | 20260405053230.0 | ||
| 010 |
_a978-5-91522-064-4 _91000 |
||
| 021 |
_aRU _b2009-27219 _91626 |
||
| 035 | _a(nilc)RSL-KNO-004274767 | ||
| 035 | _a(NLR Aleph) 001370780 | ||
| 090 |
_a1040304 _c1040304 |
||
| 100 | _a20090410d2009 |||y0rusy50 ca | ||
| 101 | 0 | _arus | |
| 102 | _aRU | ||
| 105 | _aa ||||||||| | ||
| 200 | 1 |
_aВведение в физико-химию полимеров _fА. А. Аскадский, А. Р. Хохлов |
|
| 210 |
_aМосква _cНаучный мир _d2009 _eКиров _gДом печати - Вятка |
||
| 215 |
_a380 с. _cил. _d22 |
||
| 320 | _aБиблиогр.: с. 379-380 (41 назв.) | ||
| 320 | _aБиблиогр. в конце предисл.: с. 8 (8 назв.) | ||
| 606 | 1 |
_aПолимеры _xФизическая химия _91920649 _3RU\NLR\auth\66876173 |
|
| 686 |
_aГ71я73-1 _2rubbk |
||
| 686 | _aГ710 | ||
| 700 | 1 |
_aАскадский _bА. А. _gАндрей Александрович _4070 |
|
| 701 | 1 |
_4070 _8rus _7ca _aХохлов _bА. А. _cхимик _gАлександр Александрович _3RU\NLR\auth\7717112 _9202 |
|
| 801 | 0 |
_aRU _bРКП _c20090410 |
|
| 801 | 1 |
_aRU _bРГБ _c20090410 |
|
| 801 | 2 |
_aRU _bNLR _c20090608 _grcr |
|
| 942 | _cBOOK | ||
| 980 | _aNB | ||